<?xml version="1.0" encoding="UTF-8"?>
<record
    xmlns:xsi="http://www.w3.org/2001/XMLSchema-instance"
    xsi:schemaLocation="http://www.loc.gov/MARC21/slim http://www.loc.gov/standards/marcxml/schema/MARC21slim.xsd"
    xmlns="http://www.loc.gov/MARC21/slim">

  <leader>02312ngc a2200385 a 4500</leader>
  <controlfield tag="003">CHAP</controlfield>
  <controlfield tag="005">20260306062806.0</controlfield>
  <controlfield tag="007">vz czazzs</controlfield>
  <controlfield tag="008">221013s2013    mx 190|f |||| s0| vlspa d</controlfield>
  <datafield tag="040" ind1=" " ind2=" ">
    <subfield code="a">mxchpua</subfield>
    <subfield code="c">CHAP</subfield>
  </datafield>
  <datafield tag="090" ind1=" " ind2=" ">
    <subfield code="a">V&#xED;deo</subfield>
  </datafield>
  <datafield tag="100" ind1="1" ind2=" ">
    <subfield code="9">147701</subfield>
    <subfield code="a">Santos Moreno, Armando</subfield>
    <subfield code="d">1949</subfield>
    <subfield code="e">director</subfield>
  </datafield>
  <datafield tag="245" ind1="1" ind2="0">
    <subfield code="a">Caracter&#xED;sticas generales del quesillo de la costa de Chiapas</subfield>
    <subfield code="h">[Videograbaci&#xF3;n] /</subfield>
    <subfield code="c">director Armando Santos Moreno</subfield>
  </datafield>
  <datafield tag="250" ind1=" " ind2=" ">
    <subfield code="a">1a edici&#xF3;n</subfield>
  </datafield>
  <datafield tag="260" ind1=" " ind2=" ">
    <subfield code="a">Chapingo, M&#xE9;xico :</subfield>
    <subfield code="b">El autor,</subfield>
    <subfield code="c">2013</subfield>
  </datafield>
  <datafield tag="306" ind1=" " ind2=" ">
    <subfield code="a">001900</subfield>
  </datafield>
  <datafield tag="490" ind1="1" ind2=" ">
    <subfield code="a">V&#xED;deos de Quesos de Pasta Hilada ;</subfield>
    <subfield code="v">3</subfield>
  </datafield>
  <datafield tag="500" ind1=" " ind2=" ">
    <subfield code="a">Duraci&#xF3;n: 19:00 minutos
Asignatura Sistemas Agroindustriales
Equipo: Jairo Cardona V&#xE1;zquez...y otros.
Agradecimiento: A los productores de quesillo de la costa de Chiapas, ya que sin su ayuda no se hubiera elaborado este trabajo.</subfield>
  </datafield>
  <datafield tag="505" ind1="0" ind2="0">
    <subfield code="t">Introducci&#xF3;n</subfield>
    <subfield code="g">(00:07) --</subfield>
    <subfield code="t">Orde&#xF1;a</subfield>
    <subfield code="g">(01:10) --</subfield>
    <subfield code="t">Colecta</subfield>
    <subfield code="g">(03:41) --</subfield>
    <subfield code="t">Recepci&#xF3;n de la leche</subfield>
    <subfield code="g">(05:15) --</subfield>
    <subfield code="t">Adici&#xF3;n de la leche en polvo</subfield>
    <subfield code="g">(06:13) --</subfield>
    <subfield code="t">Adici&#xF3;n de sales</subfield>
    <subfield code="g">(07:05) --</subfield>
    <subfield code="t">Acidificaci&#xF3;n de la leche</subfield>
    <subfield code="g">(07:39) --</subfield>
    <subfield code="t">Cuajado de la leche</subfield>
    <subfield code="g">(08:08) --</subfield>
    <subfield code="t">Cortado del gel</subfield>
    <subfield code="g">(08:47) --</subfield>
    <subfield code="t">Agitado de la cuajada</subfield>
    <subfield code="g">(09:30) --</subfield>
    <subfield code="t">Desuerado parcial</subfield>
    <subfield code="g">(09:57) --</subfield>
    <subfield code="t">Chedarizaci&#xF3;n</subfield>
    <subfield code="g">(10:21) --</subfield>
    <subfield code="t">Ajuste de temperatura</subfield>
    <subfield code="g">(11:03) --</subfield>
    <subfield code="t">Pruebas de la hebra</subfield>
    <subfield code="g">(11:24) --</subfield>
    <subfield code="t">Desuerado</subfield>
    <subfield code="g">(12:35) --</subfield>
    <subfield code="t">Amasado y salado</subfield>
    <subfield code="g">(12:55) --</subfield>
    <subfield code="t">Malaxado y fundido</subfield>
    <subfield code="g">(13:54) --</subfield>
    <subfield code="t">Hilado o estirado</subfield>
    <subfield code="g">(16:06) --</subfield>
    <subfield code="t">Porcionado, boleado, embolsado y etiquetado del queso</subfield>
    <subfield code="g">(16:48) --</subfield>
    <subfield code="t">Cr&#xE9;ditos</subfield>
    <subfield code="g">(18:00)</subfield>
  </datafield>
  <datafield tag="511" ind1="0" ind2=" ">
    <subfield code="a">Narrador: Armando Santos Moreno</subfield>
  </datafield>
  <datafield tag="511" ind1="0" ind2=" ">
    <subfield code="a">Guion: Armando Santos Moreno</subfield>
  </datafield>
  <datafield tag="521" ind1="4" ind2=" ">
    <subfield code="a">Obra recomendada para estudiantes del Departamento de Ingenier&#xED;a Agroindustrial</subfield>
  </datafield>
  <datafield tag="538" ind1=" " ind2=" ">
    <subfield code="a">Modo de acceso: Internet</subfield>
  </datafield>
  <datafield tag="546" ind1=" " ind2=" ">
    <subfield code="a">Audio: En espa&#xF1;ol</subfield>
  </datafield>
  <datafield tag="650" ind1="1" ind2="3">
    <subfield code="9">144437</subfield>
    <subfield code="a">Queso artesanal</subfield>
    <subfield code="z">M&#xE9;xico</subfield>
    <subfield code="z">Chiapas</subfield>
  </datafield>
  <datafield tag="650" ind1="1" ind2="3">
    <subfield code="9">142991</subfield>
    <subfield code="a">Fabricaci&#xF3;n de queso</subfield>
  </datafield>
  <datafield tag="650" ind1="1" ind2="3">
    <subfield code="9">152329</subfield>
    <subfield code="a">Tecnolog&#xED;a lechera  </subfield>
  </datafield>
  <datafield tag="650" ind1="1" ind2="3">
    <subfield code="9">185223</subfield>
    <subfield code="a">Artisan cheese</subfield>
    <subfield code="z">Mexico</subfield>
    <subfield code="z">Chiapas</subfield>
  </datafield>
  <datafield tag="650" ind1="1" ind2="3">
    <subfield code="9">146964</subfield>
    <subfield code="a">Cheesemaking</subfield>
  </datafield>
  <datafield tag="650" ind1="1" ind2="3">
    <subfield code="9">161553</subfield>
    <subfield code="a">Dairy technology</subfield>
  </datafield>
  <datafield tag="700" ind1="1" ind2=" ">
    <subfield code="9">185671</subfield>
    <subfield code="a">L&#xF3;pez Dom&#xED;nguez, Carlos David</subfield>
    <subfield code="e">camar&#xF3;grafo</subfield>
  </datafield>
  <datafield tag="710" ind1="2" ind2=" ">
    <subfield code="a">Universidad Aut&#xF3;noma Chapingo</subfield>
    <subfield code="b">Departamento de Ingenier&#xED;a Agroindustrial.</subfield>
    <subfield code="9">143749</subfield>
  </datafield>
  <datafield tag="856" ind1=" " ind2=" ">
    <subfield code="y">VER V&#xCD;DEO</subfield>
    <subfield code="u"> http://10.13.5.2/video/Quesillo_Chiapas.m4v</subfield>
  </datafield>
  <datafield tag="942" ind1=" " ind2=" ">
    <subfield code="2">local</subfield>
    <subfield code="c">V</subfield>
  </datafield>
  <datafield tag="999" ind1=" " ind2=" ">
    <subfield code="c">217808</subfield>
    <subfield code="d">217808</subfield>
  </datafield>
  <datafield tag="952" ind1=" " ind2=" ">
    <subfield code="0">0</subfield>
    <subfield code="1">0</subfield>
    <subfield code="2">local</subfield>
    <subfield code="4">0</subfield>
    <subfield code="7">0</subfield>
    <subfield code="8">V</subfield>
    <subfield code="a">IA_</subfield>
    <subfield code="b">IA_</subfield>
    <subfield code="c">E_L</subfield>
    <subfield code="d">2022-11-16</subfield>
    <subfield code="e">El autor</subfield>
    <subfield code="l">0</subfield>
    <subfield code="p">1210014931</subfield>
    <subfield code="r">2022-11-16 00:00:00</subfield>
    <subfield code="w">2022-11-16</subfield>
    <subfield code="y">V</subfield>
  </datafield>
</record>
